header

The diaries of the Maryknoll Sisters in Hong Kong, 1921-1966 (Record no. 237983)

MARC details
000 -LEADER
fixed length control field 01601nam a2200409Ia 4500
082 04 - DEWEY DECIMAL CLASSIFICATION NUMBER
Classification number 271/.97
-- B
245 04 - TITLE STATEMENT
Title The diaries of the Maryknoll Sisters in Hong Kong, 1921-1966
250 ## - EDITION STATEMENT
Edition statement 1st ed.
260 ## - PUBLICATION, DISTRIBUTION, ETC. (IMPRINT)
Place of publication New York, N.Y. :
Name of publisher Palgrave Macmillan,
Year of publication 2007.
300 ## - PHYSICAL DESCRIPTION
Number of Pages xi, 241 p. :
Other physical details ill.
650 #0 - SUBJECT ADDED ENTRY--TOPICAL TERM
Topical Term Nuns
Topical Term Missionaries
700 1# - ADDED ENTRY--PERSONAL NAME
Personal name Chu, Cindy Yik-yi.
856 40 - ELECTRONIC LOCATION AND ACCESS
Uniform Resource Identifier http://site.ebrary.com/lib/rucke/Doc?id=10175728

No items available.

© 2026 Rongo University
Contact us: librarian | system librarian | Rongo university